| 000 | 03031nam a2200529 c 4500 | ||
|---|---|---|---|
| 999 |
_c176852 _d176852 |
||
| 003 | BLK | ||
| 005 | 20250104161151.0 | ||
| 008 | 180411b bul|||||r ||||||| ||bul|| | ||
| 020 | _a978-954-449-808-5 | ||
| 040 | _aBLK | ||
| 041 |
_aBUL _cBUL |
||
| 080 |
_aНародни вярвания. Народни обичаи. Суеверия, свързани с годишни времена, с дома, религиозни празници и др. Нестинарство _b398.3 _x(497.2) _z398.3(497.2) |
||
| 080 |
_aНародни вярвания. Народни обичаи. Суеверия, свързани с годишни времена, с дома, религиозни празници и др. Нестинарство _b398.3 _x(497.2=943.5) _z398.3(497.2=943.5) |
||
| 080 |
_aНародни вярвания. Народни обичаи. Суеверия, свързани с годишни времена, с дома, религиозни празници и др. Нестинарство _b398.3 _x(497.2=914.99) _z398.3(497.2=914.99) |
||
| 080 |
_aНародни вярвания. Народни обичаи. Суеверия, свързани с годишни времена, с дома, религиозни празници и др. Нестинарство _b398.3 _x(497.2=82) _z398.3(497.2=82) |
||
| 100 | 1 |
_aСъботинова, Донка _eпърви автор _9303009 |
|
| 139 |
_aСъботинова, Донка _bС 96 |
||
| 245 | 1 | 0 |
_aКолелото на живота _bСемейни обичаи на българи, арменци, руси старообредци, турци и цигани _cДонка Съботинова. |
| 250 | _a2. прераб. и доп. изд. | ||
| 257 | _aBGR | ||
| 260 |
_c2015 _9209663 _aВарна _bСтено _n978-954-449- |
||
| 300 |
_a416 с., [4] л. : с ил. _c20 см |
||
| 380 | _a3 | ||
| 500 | _a1. изд. 2002 на РИТТ със загл. Семейник или колелото на живота. | ||
| 650 | 4 |
_aНародни обичаи и обреди, турски - България _9292141 |
|
| 650 | 4 |
_aНародни обичаи и обреди, ромски - България _9283794 |
|
| 650 | 4 |
_aНародни обичаи и обреди, руски _9296003 |
|
| 650 | 4 |
_aБългария - етнография _9247281 |
|
| 650 | 7 |
_aНародни обичаи и обреди, български _2 _9163359 |
|
| 651 | 4 |
_aБългария _9241624 |
|
| 653 | _aнародни обичаи | ||
| 653 | _aобреди | ||
| 653 | _aпразници | ||
| 653 | _aбългари | ||
| 653 | _aтурци | ||
| 653 | _aарменци | ||
| 653 | _aцигани | ||
| 653 | _aроми | ||
| 653 | _aстарообредци | ||
| 852 | _aЦб 278583 | ||
| 856 | 4 |
_qpdf _i0.00 _ldisable |
|
| 856 | 4 |
_qpdf _i0.00 _ldisable |
|
| 942 |
_cKNG _n0 _03 _s1 |
||
| 944 |
_aCR _c12.12.2015 _lЦветомила Тодорова _k30576 |
||
| 944 |
_aED _c25.03.2016 _lф / _kЛюдмила_Стоянова |
||
| 999 | _d176852 | ||